00720nam a2200241 a 4500001001300000003000900013005001700022008004100039020002300080082001600103100001900119245004200138260004200180300000900222500003500231505001000266650002000276700001900296902000800315942000700323952013100330999001700461nice12345678IN_TiNIC20260116014944.0070926s1991 loua grp 000 0 eng  a0664251366 c10000a296.09bNEU aNeusner, Jacob aStudying Classical Judaismb A Primer aLouisvillebWestminister Press c1991 a206p aincludes index and biblioraphy2 aIndex aJudaism-History1 aNeusner, Jacob bSRS cBK 001040708StackRoom-aHMIbHMId2007-09-26g100.00l1o296.09 NEUp11001884r2017-07-19s2017-07-14v100.00w2007-09-26yBK c17705d17705